Service oriented architecture for enterprise and cloud applications (Record no. 35253)
[ view plain ]
| 000 -LEADER | |
|---|---|
| fixed length control field | 00400nam a2200169Ia 4500 |
| 082 ## - DEWEY DECIMAL CLASSIFICATION NUMBER | |
| Classification number | 4.65 |
| Item number | KAM |
| 100 ## - MAIN ENTRY--PERSONAL NAME | |
| Personal name | Kambhampaty/Shankar |
| 250 ## - EDITION STATEMENT | |
| Edition statement | 2 |
| 245 ## - TITLE STATEMENT | |
| Title | Service oriented architecture for enterprise and cloud applications |
| 260 ## - PUBLICATION, DISTRIBUTION, ETC. | |
| Name of publisher, distributor, etc. | Wiley India |
| Date of publication, distribution, etc. | 2010 |
| 366 ## - TRADE AVAILABILITY INFORMATION | |
| Publishers's discount category | 25 |
| 300 ## - PHYSICAL DESCRIPTION | |
| Extent | 328 |
| 546 ## - LANGUAGE NOTE | |
| Language note | ENGLISH |
| -- | Computers |
| 650 ## - SUBJECT ADDED ENTRY--TOPICAL TERM | |
| Topical term or geographic name entry element | Cloud applications |
| 942 ## - ADDED ENTRY ELEMENTS (KOHA) | |
| Koha item type | BOOK |
| Withdrawn status | Lost status | Damaged status | Not for loan | Collection | Home library | Current library | Date acquired | Source of acquisition | Cost, normal purchase price | Inventory number | Total Checkouts | Full call number | Barcode | Date last seen | Cost, replacement price | Price effective from | Koha item type |
|---|---|---|---|---|---|---|---|---|---|---|---|---|---|---|---|---|---|
| CRC | Fr. Agnel's C.Rodrigues College of Engineering | Fr. Agnel's C.Rodrigues College of Engineering | 17/03/2023 | Allied Publishers | 374.25 | 120 dt 15/04/2013 | 4.65 KAM | 22608 | 17/03/2023 | 499.00 | BOOK |